000 00635nam a2200241 a 4500
001 nice12345678
003 IN_TiNIC
005 20260116012052.0
008 050524s1965 lona grp 000 0 eng
020 _a
_c100
082 0 0 _a227.2
_bSTR
100 _aStrachan, R H
245 _aSecond Epistle of St. Paul to the Corinthians.
260 _aLondon
_bHodder & Stoughton
_c1965
300 _a149p
500 _aincludes index and biblioraphy
505 2 _aIndex of Subject and Index of Author
650 _aBible N.T. Epistles Corinthians
700 1 _aStrachan, R H
902 _bSRS
942 _cBK
999 _c5513
_d5513